000 00648nam a2200217Ii 4500
003 JO-AjNU
008 230605s9999||||xx |||||||||||||| ||und||
017 _a1990/1/49
040 _aJO-AjNU
_bara
_erda
_cJO-AjNU
041 _aara
050 1 4 _aPJ7802.B525.A15 1990
100 3 _aتأليف عباسي، نوال,
_eauthor
_949382
245 0 0 _aصدى المحطات
250 _aط1
264 3 1 _aعمان:دار الكرمل،1990
300 _a134ص
336 _atext
_btxt
_2rdacontent
337 _aunmediated
_bn
_2rdamedia
338 _avolume
_bnc
_2rdacarrier
650 4 _aالقصة العربية - صدى المحطات
_949383
999 _aA21686
_c25254
_d25254